Adivina el Cantante o Grupo musical Español por su imagen (díficil) - Estadísticas

Estadísticas generales
  • Esta prueba ha sido intentada 231 veces
  • La puntuación promedio es 27 de 36
Estadísticas de respuestas
Imagen Respuesta % Correcto
Aitana
99%
Quevedo
99%
Rosalía
99%
David Bisbal
98%
Melendi
98%
Alejandro Sanz
95%
C Tangana
94%
Estopa
94%
Lola Índigo
94%
Malú
94%
Pablo Alborán
94%
Omar Montes
92%
Bad Gyal
91%
David Bustamante
89%
Antonio Orozco
88%
Rosario Flores
87%
Andy y Lucas
85%
Pablo López
85%
Ana Mena
84%
Enrique Iglesias
81%
Dani Martín
79%
Fito y Fitipaldis
75%
Camela
74%
India Martínez
68%
Rels B
68%
Kidd Keo
67%
Los Chunguitos
64%
Vanesa Martín
63%
Camarón de la Isla
55%
Ptazeta
53%
El Barrio
52%
La Húngara
44%
Niña Pastori
38%
Nyno Vargas
24%
Demarco
22%
Maka
15%
No se encontraron pruebas coincidentes
Distribución de puntuación
Porcentaje de gente con cada puntuación
Porcentaje por número respondido
Historial de tus puntuaciones
No has intentado esta prueba.